000 00997nam0a22002531 4500
001 rc\542327
005 20030616165835.9
035 _a(NLR Aleph) 005779126
090 _a5100776
_c5100776
100 _a20030616d1987 u |0rusy50 ca
101 0 _arus
102 _aRU
105 _aa |||||||||
200 1 _aТуркмения
_e[Фотоальбом]
_fТекст и фотосъемка Л.Н. Шерстенникова
_gСост. и макет Б.П. Журавского
_gВступ. ст. И. Клычева, К. Курбаннепесова
210 _aМ.
_cПланета
_d1987
215 _a271, [8] с.
_cв основном ил., цв. ил.
_d33
225 1 _aСоветский Союз
702 1 _aЖуравский
_bБ. П.
_gБорис Петрович
_4220
702 1 _aШерстенников
_bЛ. Н.
_gЛев Николаевич
_4080
801 0 _aRU
_bNLR
_gpsbo
801 1 _aRU
_bELAR
_2rusmarc
852 _aNLR
_bЭ
_jАлИр1003-13/2-7
942 _cBOOK
980 _aNB